LIBRARY & INFORMATION CENTRE, KCAET, TAVANUR

ONLINE PUBLIC ACCESS CATALOGUE (OPAC)

Liquid crystals (Record no. 297)

MARC details
000 -LEADER
fixed length control field 00345cam a2200157ua 4500
041 ## - LANGUAGE CODE
Language code of text/sound track or separate title eng
082 ## - DEWEY DECIMAL CLASSIFICATION NUMBER
Classification number 530.429
Item number CHA?LI
100 ## - MAIN ENTRY--AUTHOR NAME
Personal name Chandrasekar, S .
245 00 - TITLE STATEMENT
Title Liquid crystals
250 ## - EDITION STATEMENT
Edition statement 1 /
260 ## - PUBLICATION, DISTRIBUTION, ETC. (IMPRINT)
Place of publication Banglore :
Name of publisher Banglore book printers ,
Year of publication 1973.
300 ## - PHYSICAL DESCRIPTION
Number of Pages 568 ; .
942 ## - ADDED ENTRY ELEMENTS (KOHA)
Koha item type Books
Holdings
Withdrawn status Lost status Damaged status Home library Current library Date acquired Full call number Accession Number Koha item type
      KAUAET KAUAET 07/04/2012 530.429 20739 Books
free website counter